Statistics for Joss Stone Discography

Click here to take the quiz!

General Stats

  • This quiz has been taken 11 times
  • The average score is 5 of 11

Answer Stats

TypeYearName% Correct
Album2003The Soul Sessions
100%
Album2012The Soul Sessions Vol. 2
100%
Album2004Mind Body & Soul
83%
Album2015Water for Your Soul
83%
Album2009Colour Me Free!
50%
Album2011LP1
50%
Compilation2011The Best of Joss Stone 2003-2009
33%
Album2007Introducing Joss Tone
0%
Live EP2007Live at Austin City Limits Music Festival 2007
0%
Live EP2007Live Session EP (iTunes Exclusive)
0%
EP2004Sessions@AOL
0%

Score Distribution

Percentile by Number Answered

Percent of People with Each Score

Your Score History

You have not taken this quiz